Dios vive en la ciudad: hacia una nueva pastoral urbana a la luz de Aparecida y del proyecto misionero de Francisco
Tallennettuna:
| Päätekijä: | |
|---|---|
| Aineistotyyppi: | Kirja |
| Kieli: | espanja |
| Julkaistu: |
Buenos Aires
Agape Libros
2014
|
| Painos: | 4a. ed |
| Aiheet: | |
| Tagit: |
Lisää tagi
Ei tageja, Lisää ensimmäinen tagi!
|
MARC
| LEADER | 00000cam a2200000 a 4500 | ||
|---|---|---|---|
| 001 | UCE9167 | ||
| 003 | CL-VaPUC | ||
| 008 | 151002e20140000ag |||||||||||||||||spa|d | ||
| 020 | |a 9789876401838 | ||
| 082 | 0 | 4 | |a 291.61 |b GAL |2 21 |
| 100 | |a Galli, Carlos María |e author |9 593984 | ||
| 245 | 1 | 0 | |a Dios vive en la ciudad: hacia una nueva pastoral urbana a la luz de Aparecida y del proyecto misionero de Francisco |
| 250 | |a 4a. ed | ||
| 300 | |a 426 p | ||
| 942 | |c BK | ||
| 945 | |d 20151002 15:56:00 |a dcastane | ||
| 260 | |a Buenos Aires |b Agape Libros |c 2014 | ||
| 650 | 0 | |a Teología pastoral |9 257832 | |
| 650 | 0 | |a Papas |9 258738 | |
| 650 | 7 | |a MISIONES |2 CL-VaPUC |9 269280 | |
| 583 | |a last modification |c 20151002 15:56:00 |k Rodrigo Vera | ||
| 999 | |c 360858 |d 360856 | ||
| 952 | |0 0 |1 0 |3 erb |4 0 |6 291_610000000000000_GAL_2014 |7 0 |8 A |9 470974 |a BIBTEO |b BIBTEO |i 5202485 |o 291.61 GAL 2014 |p 5202485 |r 2024-01-18 |w 2019-11-24 |y BK |z Catalogado en:20151002 |k ICR | ||